Fokus peperiksaan KBSM : fizik SPM tingkatan 4 dan 5

Bibliographic Details
Main Author: Yee Cheng Teik
Format: Book
Published: K.Lumpur : Penerbit Fajar Bakti Sdn Bhd , 1993
Subjects:

MARC

LEADER 00000cam a2200000 7i4500
001 0000006093
002 000006583
005 20000330.0
020 |a 9676520551 
090 0 0 |a 530   |b Yee 
100 0 |a Yee Cheng Teik 
245 1 0 |a Fokus peperiksaan KBSM :   |b fizik SPM tingkatan 4 dan 5   |c Yee Cheng Teik 
260 |a K.Lumpur :   |b Penerbit Fajar Bakti Sdn Bhd ,   |c 1993 
300 |a 303p. ;   |c 26cm. 
650 0 0 |a Physics   |x SPM 
999 |a 038230   |b BUKU   |c RUJUKAN   |e PERPUSTAKAAN KOMUNITI PETALING JAYA 
999 |a 038231   |b BUKU   |c RUJUKAN   |e PERPUSTAKAAN KOMUNITI PETALING JAYA